000 00577pam a2200217 i 4500
001 1793626
005 20180205075651.0
008 780505s1978 nyu 000 0 eng
010 _a 78058299
020 _a037911125X :
_c$20.00
040 _aDLC
_cDLC
_dDLC
041 _aeng
043 _an-us---
080 _a340.0973
082 0 0 _a340.0973 ROB
100 1 _a14
101 _aSHJ
245 1 3 _aAn American legal almanac :
_cby Joan Robinson.
906 _a7
_bcbc
_corignew
_d1
_eocip
_f19
_gy-gencatlg
942 _2ddc
_cBK
999 _c41795
_d41795